Neprispôsobivý zamestnanec - porušovanie pracovnej disciplíny
Požadované správanie si v rôznych oblastiach života spoločnosť vždy upravovala všeobecne platnými normami. Odklon od nich bol preto odsudzovaný a sankcionovaný. Výnimkou nie je v súčasnosti ani pracovný život človeka, ktorý je upravený organizačnými normami správania sa pri výkone práce. Tieto normy...
Enregistré dans:
| Auteur principal: | |
|---|---|
| Format: | Chapitre de livre |
| Langue: | slovaque |
| Sujets: | |
| Tags: |
Pas de tags, Soyez le premier à ajouter un tag!
|
MARC
| LEADER | 00000naa a2200000 4500 | ||
|---|---|---|---|
| 001 | 0307350 | ||
| 005 | 20250227104728.9 | ||
| 041 | 0 | |a slo | |
| 044 | |a SK | ||
| 245 | 1 | 0 | |a Neprispôsobivý zamestnanec - porušovanie pracovnej disciplíny |c Miroslav Tichý |
| 520 | |a Požadované správanie si v rôznych oblastiach života spoločnosť vždy upravovala všeobecne platnými normami. Odklon od nich bol preto odsudzovaný a sankcionovaný. Výnimkou nie je v súčasnosti ani pracovný život človeka, ktorý je upravený organizačnými normami správania sa pri výkone práce. Tieto normy stanovujú určité princípy a zásady zoskupené do celku, ktoré určujú práva a povinnosti pri výkone pracovnej činnosti. | ||
| 610 | 2 | 0 | |a zamestnanci |
| 610 | 2 | 0 | |a správanie |
| 610 | 2 | 0 | |a disciplína pracovná |
| 610 | 2 | 0 | |a právo pracovné |
| 610 | 2 | 0 | |a zákonník práce |
| 100 | 1 | |a Tichý, Miroslav | |